Cargando…

The De Soto Chronicles Vol 1 & 2 : The Expedition of Hernando de Soto to North America in 1539-1543 /

Detalles Bibliográficos
Clasificación:Libro Electrónico
Autor Corporativo: Jay I. Kislak Reference Collection (Library of Congress)
Otros Autores: Moore, Edward C. (Edward Carter), 1917-, Knight, Vernon J., Clayton, Lawrence A.
Formato: Electrónico eBook
Idioma:Inglés
Publicado: Tuscaloosa : University of Alabama Press, 1993.
Colección:Book collections on Project MUSE.
Temas:
Acceso en línea:Texto completo

MARC

LEADER 00000cam a22000004a 4500
001 musev2_6771
003 MdBmJHUP
005 20230905040803.0
006 m o d
007 cr||||||||nn|n
008 920810s1993 alu o 00 0 eng d
010 |z  92031504  
020 |a 9780817384616 
020 |z 9780817308247 
035 |a (OCoLC)624452384 
040 |a MdBmJHUP  |c MdBmJHUP 
043 |a n-usu--  |a e-sp--- 
050 0 4 |a E125.S7  |b D38 1993 
082 0 |a 970.01/6/092  |2 20 
245 0 4 |a The De Soto Chronicles Vol 1 & 2 :   |b The Expedition of Hernando de Soto to North America in 1539-1543 /   |c edited by Lawrence A. Clayton, Vernon James Knight, Jr., Edward C. Moore. 
264 1 |a Tuscaloosa :  |b University of Alabama Press,  |c 1993. 
264 3 |a Baltimore, Md. :  |b Project MUSE,   |c 2012 
264 4 |c ©1993. 
300 |a 1 online resource (600 pages):   |b ill., maps ; 
336 |a text  |b txt  |2 rdacontent 
337 |a computer  |b c  |2 rdamedia 
338 |a online resource  |b cr  |2 rdacarrier 
504 |a Includes bibliographical references and index. 
588 |a Description based on print version record. 
600 1 0 |a Soto, Hernando de,  |d ca. 1500-1542. 
651 0 |a Southern States  |x Discovery and exploration  |x Spanish  |x Sources. 
650 0 |a Spaniards  |z Southern States  |x History  |y 16th century  |x Sources. 
650 0 |a Indians of North America  |z Southern States  |x History  |y 16th century  |x Sources. 
655 7 |a Electronic books.   |2 local 
700 1 |a Moore, Edward C.  |q (Edward Carter),  |d 1917- 
700 1 |a Knight, Vernon J. 
700 1 |a Clayton, Lawrence A. 
710 2 |a Jay I. Kislak Reference Collection (Library of Congress)  |5 DLC 
710 2 |a Project Muse.  |e distributor 
830 0 |a Book collections on Project MUSE. 
856 4 0 |z Texto completo  |u https://projectmuse.uam.elogim.com/book/6771/ 
945 |a Project MUSE - Custom Collection 
945 |a Project MUSE - Archive Complete Foundation 
945 |a Project MUSE - Archive History Foundation